000 00799cab a2200253 4500
001 ABS57823
008 090401t1997 xxu||||| |||| 00| 0 eng d
035 _a(Sirsi) u81912
041 _aeng
100 _aO`Hara, T.
245 _aPath is clearer after landslide victory case
260 _c1997
350 _a0
490 _aProperty Week
_v61(5) 31 October 1997, 25(1)
520 _aDiscusses natural rights of support and duty of care between adjoining owners in "Holbeck Hall Hotel Ltd and another v Scarborough BC."
650 _aADJOINING PROPERTIES
650 _aDUTY OF CARE
650 _aHOLBECK HALL HOTEL LTD AND ANOTHER V SCARBOROUGH BC
650 _aLANDSLIPS
650 _aRIGHT OF SUPPORT
690 _aPROPERTY LAW AND PRACTICE
942 _n0
948 _c04/11/1997
999 _c51653
_d51653